01321nam a22001457a 4500003000400000020001800004082001200022100001600034245002900050250000800079260003400087300000800121650001700129653102900146SGT a9788126509300 a572,CON aCONN,ERIC E aOUTLINES OF BIOCHEMISTRY a5TH aNEW DELHIbWILEY INDIA c2016 a693 aBIOCHEMISTRY aPART I STRUCTURES AND FUNCTIONS OF BIOLOGICAL MOLECULES • WHAT BIOCHEMISTS STUDY • CARBOHYDRATES • AMINO ACIDS AND PROTEINS • ENZYMES • VITAMINS AND COENZYMES • NUCLEIC ACIDS AND THEIR COMPONENTS • LIPIDS • THE CELL: ITS BIOCHEMICAL ORGANIZATION PART II METABOLISM OF ENERGY YIELDING MOLECULES • INTRODUCTION TO METABOLISM AND BIOCHEMICAL ENERGETICS • CARBOHYDRATES I: GLYCOLYSIS • CARBOHYDRATES II: BIOSYNTHETIC ROLE OF GLYCOLYSIS AND PENTOSE PHOSPHATE METABOLISM • CARBOHYDRATES III: THE TRICARBOXYLIC ACID CYCLE • LIPID METABOLISM • ELECTRON TRANSPORT AND OXIDATIVE PHOSPHORYLATION. • PHOTOSYNTHESIS • THE NITROGEN AND SULFUR CYCLES • THE METABOLISM OF AMMONIA AND NITROGEN-CONTAINING COMPOUNDS • ENZYME-MEDIATE REGULATION OF METABOLISM PART III GENES, GENE EXPRESSION AND THE METABOLISM OF INFORMATIONAL MACROMOLECULES • BIOSYNTHESIS OF NUCLEIC ACIDS • BIOSYNTHESIS OF PROTEINS • REGULATION OF GENE EXPRESSION • GENE REARRANGEMENT, GENE MANIPULATION AND NON-CELLULAR ORGANISMS